[Event "Uxbridge Open"]
[Site "Denham Grove"]
[Date "2010.03.19"]
[Round "1"]
[White "Ackley, Peter J E"]
[Black "Gibbs, Dominic V"]
[Result "1/2-1/2"]
[WhiteElo "2092"]
[BlackElo "1980"]
[PlyCount "30"]
[EventDate "2010.03.19"]
[EventType "swiss"]
[EventRounds "5"]
[EventCountry "ENG"]

1. Nf3 d6 2. d3 g6 3. e4 Bg7 4. g3 c5 5. Bg2 Nc6 6. O-O e5 7. c3 Nge7 8. Be3
O-O 9. d4 Qb6 10. dxc5 Qxb2 11. Nbd2 dxc5 12. Nc4 Qb5 13. Qb3 Qxb3 14. axb3 Be6
15. Bxc5 b6 1/2-1/2

[Event "Uxbridge Open"]
[Site "Denham Grove"]
[Date "2010.03.19"]
[Round "1"]
[White "Armstrong, Malcolm J"]
[Black "Bonafont, Philip R"]
[Result "1/2-1/2"]
[WhiteElo "1989"]
[BlackElo "2115"]
[PlyCount "36"]
[EventDate "2010.03.19"]
[EventType "swiss"]
[EventRounds "5"]
[EventCountry "ENG"]

1. d4 d5 2. Nf3 Nf6 3. c4 dxc4 4. e3 Bg4 5. Bxc4 e6 6. O-O Nbd7 7. Nbd2 Bd6 8.
Be2 O-O 9. b3 a5 10. Nc4 Be7 11. Bb2 c6 12. a3 Qc7 13. Nce5 Nxe5 14. Nxe5 Bxe2
15. Qxe2 Qb6 16. Qc2 Rfd8 17. Rac1 Rd5 18. Rfd1 Rad8 1/2-1/2

[Event "Uxbridge Open"]
[Site "Denham Grove"]
[Date "2010.03.19"]
[Round "1"]
[White "Atako, Chino"]
[Black "Arkell, Keith C"]
[Result "1/2-1/2"]
[WhiteElo "2052"]
[BlackElo "2474"]
[PlyCount "109"]
[EventDate "2010.03.19"]
[EventType "swiss"]
[EventRounds "5"]
[EventCountry "ENG"]

1. e4 c6 2. d4 d5 3. e5 c5 4. dxc5 Nc6 5. Bb5 e6 6. Be3 Nge7 7. c3 Bd7 8. Bxc6
Nxc6 9. f4 g5 10. fxg5 h6 11. Nf3 hxg5 12. O-O g4 13. Ng5 Nxe5 14. b4 Bh6 15.
Qd4 Bxg5 16. Qxe5 Bxe3+ 17. Qxe3 Qh4 18. Qg3 Qxg3 19. hxg3 e5 20. Nd2 Ke7 21.
Rfe1 f6 22. a4 Be6 23. a5 Rhd8 24. Rec1 a6 25. Re1 Bf5 26. Rac1 Ke6 27. Nb3 Kf7
28. Nd2 Bd3 29. Re3 Bb5 30. c4 Bxc4 31. Nxc4 dxc4 32. Rxc4 Rd1+ 33. Kf2 Rg8 34.
c6 bxc6 35. Rxc6 Rd4 36. Rb6 Rc8 37. Re2 Rcc4 38. Rb2 Kg6 39. Rxa6 Rxb4 40. Rc2
Rdc4 41. Rxc4 Rxc4 42. Ra8 Rc2+ 43. Kf1 Ra2 44. a6 Kf5 45. a7 Ke4 46. Rg8 Rxa7
47. Rxg4+ Ke3 48. Kg1 Ra1+ 49. Kh2 Kf2 50. Rg6 f5 51. Rg5 f4 52. Rxe5 fxg3+ 53.
Kh3 Rh1+ 54. Kg4 Kxg2 55. Ra5 1/2-1/2

[Event "Uxbridge Open"]
[Site "Denham Grove"]
[Date "2010.03.19"]
[Round "1"]
[White "Coates, David H"]
[Black "Madan, Augustin"]
[Result "1-0"]
[WhiteElo "2043"]
[BlackElo "2362"]
[PlyCount "77"]
[EventDate "2010.03.19"]
[EventType "swiss"]
[EventRounds "5"]
[EventCountry "ENG"]

1. e4 c5 2. Nf3 d6 3. d4 cxd4 4. Nxd4 Nf6 5. Nc3 Nc6 6. Bg5 e6 7. Qd2 a6 8.
O-O-O Bd7 9. f3 h6 10. Be3 h5 11. h4 b5 12. Nxc6 Bxc6 13. Ne2 e5 14. Nc3 Be7
15. g3 Qa5 16. Kb1 b4 17. Nd5 Nxd5 18. exd5 Bd7 19. Bg5 f6 20. Be3 f5 21. Bg5
Bxg5 22. Qxg5 O-O 23. Bd3 Rae8 24. Rhe1 Qb6 25. Qxh5 a5 26. g4 b3 27. axb3 Rf7
28. gxf5 Rf6 29. Rg1 Ref8 30. Rg5 R8f7 31. Rdg1 Qc7 32. Qg4 Bc8 33. h5 Kf8 34.
Rg2 Qb7 35. Qh4 Qxd5 36. Rxg7 Qxf3 37. Rxf7+ Kxf7 38. Qc4+ Ke7 39. Rg7+ 1-0

[Event "Uxbridge Open"]
[Site "Denham Grove"]
[Date "2010.03.19"]
[Round "1"]
[White "Crichton, Martin"]
[Black "Talbot, Andrew R"]
[Result "0-1"]
[WhiteElo "2001"]
[BlackElo "2141"]
[PlyCount "84"]
[EventDate "2010.03.19"]
[EventType "swiss"]
[EventRounds "5"]
[EventCountry "ENG"]

1. e4 c5 2. Nc3 Nc6 3. g3 g6 4. Bg2 Bg7 5. d3 d6 6. Be3 e6 7. Qd2 Nd4 8. Nge2
Ne7 9. O-O O-O 10. Nc1 Qa5 11. Nd5 Qd8 12. Nxe7+ Qxe7 13. c3 Nc6 14. Bh6 e5 15.
Bxg7 Kxg7 16. Ne2 Be6 17. f4 f5 18. d4 cxd4 19. cxd4 Bc4 20. d5 Bxe2 21. Qxe2
Nd4 22. Qd3 Rac8 23. exf5 gxf5 24. fxe5 dxe5 25. Rac1 Rc7 26. Rc3 b5 27. Rfc1
Rfc8 28. Bh3 b4 29. Rxc7 Rxc7 30. Rxc7 Qxc7 31. Bxf5 Qc1+ 32. Kg2 Qxb2+ 33. Kh3
Qxa2 34. Bxh7 Qxd5 35. Qg6+ Kf8 36. Qf6+ Ke8 37. Bg6+ Kd7 38. Bf7 Qd6 39. Qg5
b3 40. Qg4+ Kc7 41. Bxb3 Nxb3 42. Qa4 Qd7+ 0-1

[Event "Uxbridge Open"]
[Site "Denham Grove"]
[Date "2010.03.19"]
[Round "1"]
[White "Cutmore, Martin J"]
[Black "Ociepka, Adrian"]
[Result "0-1"]
[WhiteElo "2059"]
[BlackElo "2176"]
[PlyCount "48"]
[EventDate "2010.03.19"]
[EventType "swiss"]
[EventRounds "5"]
[EventCountry "ENG"]

1. d4 d5 2. c4 e6 3. Nc3 c5 4. cxd5 exd5 5. Nf3 Nc6 6. g3 Nf6 7. Bg2 Be7 8. O-O
O-O 9. Bg5 c4 10. Ne5 Be6 11. e3 Re8 12. Qe2 Qa5 13. f4 Rad8 14. f5 Bc8 15. g4
Nxe5 16. dxe5 Ne4 17. Bxe7 Nxc3 18. bxc3 Rxe7 19. f6 Rxe5 20. fxg7 Qxc3 21.
Rad1 d4 22. Rxf7 Kxf7 23. Qf2+ Kxg7 24. exd4 Qe3 0-1

[Event "Uxbridge Open"]
[Site "Denham Grove"]
[Date "2010.03.19"]
[Round "1"]
[White "De Coverly, Roger D"]
[Black "Webb, Matthew D"]
[Result "1/2-1/2"]
[WhiteElo "2119"]
[BlackElo "1999"]
[PlyCount "104"]
[EventDate "2010.03.19"]
[EventType "swiss"]
[EventRounds "5"]
[EventCountry "ENG"]

1. e4 g6 2. d4 Bg7 3. Nc3 d6 4. Be3 a6 5. Nf3 Nd7 6. Bd3 b5 7. a4 b4 8. Ne2 e6
9. c3 bxc3 10. bxc3 a5 11. O-O Ne7 12. Rb1 O-O 13. Qd2 Ba6 14. Bxa6 Rxa6 15. c4
Nb6 16. Qc2 d5 17. Nd2 Nxc4 18. Nxc4 Rc6 19. exd5 exd5 20. Qd2 Rxc4 21. Qxa5
Qd7 22. Rb5 Rd8 23. Rfb1 Nc6 24. Qd2 Qf5 25. Ng3 Qc2 26. Qxc2 Rxc2 27. Rc5 Rxc5
28. dxc5 Be5 29. f4 Bc3 30. Ne2 Bb4 31. Kf1 Ra8 32. Ra1 Ra5 33. Nd4 Nxd4 34.
Bxd4 Kf8 35. c6 Ke7 36. Be5 Bd6 37. Bc3 Rc5 38. Re1+ Kf8 39. Bb4 Rxc6 40. Bxd6+
Rxd6 41. Rc1 Ra6 42. Rxc7 Rxa4 43. g3 Kg7 44. Rc5 Rd4 45. Ke2 Kf6 46. Ke3 Re4+
47. Kf3 Ke6 48. Rc6+ Kd7 49. Rf6 Ke7 50. Ra6 Re6 51. Ra7+ Kf6 52. Rd7 Ra6
1/2-1/2

[Event "Uxbridge Open"]
[Site "Denham Grove"]
[Date "2010.03.19"]
[Round "1"]
[White "Houska, Jovanka"]
[Black "Amato, Giampiero"]
[Result "1-0"]
[WhiteElo "2392"]
[BlackElo "2044"]
[PlyCount "115"]
[EventDate "2010.03.19"]
[EventType "swiss"]
[EventRounds "5"]
[EventCountry "ENG"]

1. d4 Nf6 2. Nf3 c5 3. d5 d6 4. Nc3 g6 5. e4 Bg7 6. Be2 O-O 7. O-O Na6 8. a4 b6
9. h3 Nc7 10. Bc4 a6 11. Re1 Bb7 12. Bf4 Qd7 13. Qd3 Rad8 14. Rad1 Rfe8 15. e5
Nh5 16. Bh2 dxe5 17. Nxe5 Bxe5 18. Bxe5 Ng7 19. Bxc7 Qxc7 20. Bxa6 Nf5 21. Bb5
Rf8 22. Qe2 Nd4 23. Qxe7 Qxe7 24. Rxe7 Bxd5 25. Nxd5 Rxd5 26. Kf1 Rdd8 27. Bd3
Rb8 28. c3 Nc6 29. Rd7 Ne5 30. Rd6 Nxd3 31. R1xd3 Rfe8 32. g4 Re4 33. Rd8+ Rxd8
34. Rxd8+ Kg7 35. Rd6 Rxa4 36. Rxb6 Ra1+ 37. Ke2 Rh1 38. Rb5 c4 39. Rb4 Rb1 40.
g5 Kf8 41. Kd2 Ke7 42. Kc2 Rf1 43. Rxc4 Rxf2+ 44. Kb3 Ke6 45. Ka3 Kf5 46. Rc5+
Kf4 47. b4 Rh2 48. b5 Rh1 49. Kb2 Rh2+ 50. Kb3 Rh1 51. h4 Kg4 52. Rc4+ Kf5 53.
Kb4 Rb1+ 54. Kc5 f6 55. gxf6 Kxf6 56. b6 g5 57. hxg5+ Kxg5 58. Rb4 1-0

[Event "Uxbridge Open"]
[Site "Denham Grove"]
[Date "2010.03.19"]
[Round "1"]
[White "Nelson, Omowale"]
[Black "Tobisch, John"]
[Result "1-0"]
[WhiteElo "2076"]
[BlackElo "1864"]
[PlyCount "61"]
[EventDate "2010.03.19"]
[EventType "swiss"]
[EventRounds "5"]
[EventCountry "ENG"]

1. d4 e6 2. c4 f5 3. g3 Nf6 4. Nc3 c6 5. Bg2 Be7 6. Nf3 d5 7. O-O O-O 8. e3 Bd7
9. Qb3 Qb6 10. Ne2 Na6 11. Nf4 Qxb3 12. axb3 Nc7 13. h4 Be8 14. Bd2 Ne4 15. Ba5
b6 16. Be1 h6 17. Ne5 g5 18. Nfg6 Bxg6 19. Nxg6 Rf7 20. Ne5 gxh4 21. Nxf7 Kxf7
22. Bxe4 dxe4 23. f3 exf3 24. Rxf3 Bf6 25. gxh4 a5 26. Kh2 Rg8 27. b4 axb4 28.
Ra7 Rc8 29. Bg3 Bd8 30. Be5 Kg6 31. Rg3+ 1-0

[Event "Uxbridge Open"]
[Site "Denham Grove"]
[Date "2010.03.19"]
[Round "1"]
[White "Pleasants, Allan J"]
[Black "Livner, Anders"]
[Result "1/2-1/2"]
[WhiteElo "2038"]
[BlackElo "2304"]
[PlyCount "163"]
[EventDate "2010.03.19"]
[EventType "swiss"]
[EventRounds "5"]
[EventCountry "ENG"]

1. Nf3 c5 2. g3 g6 3. Bg2 Bg7 4. O-O Nc6 5. c4 d6 6. Nc3 e5 7. d3 Nge7 8. Rb1
O-O 9. a3 a5 10. Bd2 h6 11. Nd5 Nxd5 12. cxd5 Ne7 13. e4 f5 14. Qc1 g5 15. h4
g4 16. Ne1 Kh7 17. Nc2 f4 18. Re1 b6 19. b4 axb4 20. axb4 Ng6 21. Ra1 Rxa1 22.
Qxa1 Nxh4 23. gxh4 Qxh4 24. Rf1 f3 25. Ne3 fxg2 26. Nxg2 Qh3 27. Be3 h5 28. Qa7
g3 29. fxg3 Rxf1+ 30. Kxf1 Qxg3 31. Qf7 Bg4 32. bxc5 bxc5 33. Qf2 Qh2 34. Qh4
Qxh4 35. Nxh4 Bh6 36. Bf2 Bd2 37. Ng2 Ba5 38. Ne3 Kg6 39. Bh4 Bh3+ 40. Kf2 Kf7
41. Kg3 Bd7 42. Kf3 Bc7 43. Nc4 Ke8 44. Bg5 Bg4+ 45. Ke3 Kd7 46. Bh4 Bd1 47.
Kd2 Bb3 48. Ne3 Bd8 49. Bg3 Bg5 50. Ke2 Kc7 51. Nf5 Ba4 52. Be1 Be8 53. Kf3 Kd7
54. Bf2 Bg6 55. Nh4 Bh7 56. Ke2 Ke8 57. Nf3 Be7 58. Ke3 Kf7 59. Bg3 Bf6 60. Bf2
Kg6 61. Be1 Kg7 62. Bg3 Bg6 63. Be1 Be8 64. Bg3 Bd7 65. Kf2 Kg6 66. Ke3 Bg4 67.
Nh4+ Kf7 68. Ng2 Bh3 69. Nh4 Bg4 70. Kf2 Bg5 71. Ng2 Bh3 72. Nh4 Bd7 73. Nf3
Bf6 74. Nh4 Bd8 75. Nf3 Bb5 76. Ke2 c4 77. dxc4 Bxc4+ 78. Ke3 Bf6 79. Nh4 Bd8
80. Nf5 Bc7 81. Bh4 Bb5 82. Be7 1/2-1/2

[Event "Uxbridge Open"]
[Site "Denham Grove"]
[Date "2010.03.19"]
[Round "1"]
[White "Radovanovic, Jovica"]
[Black "Makepeace, Philip J"]
[Result "1-0"]
[WhiteElo "2348"]
[BlackElo "2042"]
[PlyCount "163"]
[EventDate "2010.03.19"]
[EventType "swiss"]
[EventRounds "5"]
[EventCountry "ENG"]

1. Nf3 d6 2. d4 Nf6 3. c4 g6 4. Nc3 Bg7 5. e4 O-O 6. Be3 Bg4 7. Be2 Nbd7 8. O-O
c6 9. Rc1 Bxf3 10. Bxf3 e5 11. d5 Ne8 12. dxc6 bxc6 13. Qa4 c5 14. Rfd1 Nb6 15.
Qc2 Qe7 16. Qd3 Rb8 17. Nb5 Nc8 18. Bg4 a6 19. Bxc8 axb5 20. Ba6 b4 21. Bb5 Rb6
22. a3 bxa3 23. bxa3 f5 24. a4 fxe4 25. Qd5+ Kh8 26. a5 Nc7 27. Qxe4 Rbb8 28.
Bc6 Na6 29. Bb5 Nc7 30. Bc6 Na6 31. g3 Rfc8 32. Bb5 Nc7 33. Rb1 d5 34. Rxd5
Nxd5 35. Qxd5 Bf8 36. Re1 Rd8 37. Qe4 Bg7 38. a6 Qc7 39. Ra1 Qa7 40. h4 Rf8 41.
Ra2 Rfc8 42. Bc6 Rc7 43. Kg2 Rd8 44. Bb7 Rb8 45. Rb2 Rd8 46. Rb5 Rd6 47. Kh2 h5
48. Qb1 Kh7 49. Ra5 Rb6 50. Rb5 Rd6 51. Qe4 Kh8 52. Kg1 Kh7 53. Rb3 Rxa6 54.
Bxa6 Qxa6 55. Rb5 Qd6 56. Kg2 Bf8 57. Rb2 Qc6 58. Qxc6 Rxc6 59. Rb7+ Kg8 60.
Kf3 Rc8 61. Ke4 Bd6 62. Kd5 Rd8 63. Ke6 Bf8 64. Kf6 Rd6+ 65. Kxe5 Rd3 66. Ra7
Rc3 67. Ra4 Rd3 68. Ra6 Kg7 69. Rc6 Kf7 70. Rc7+ Kg8 71. Rc8 Kf7 72. Bxc5 Bg7+
73. Ke4 Rd7 74. Be3 Ke6 75. Rc6+ Kf7 76. c5 Bf8 77. Rb6 Rd8 78. c6 Re8+ 79. Kd5
Rd8+ 80. Kc4 Rc8 81. Bf4 Ke7 82. c7 1-0

[Event "Uxbridge Open"]
[Site "Denham Grove"]
[Date "2010.03.19"]
[Round "1"]
[White "Richter, Hans"]
[Black "Quinn, Rory"]
[Result "1-0"]
[WhiteElo "2187"]
[BlackElo "2036"]
[PlyCount "65"]
[EventDate "2010.03.19"]
[EventType "swiss"]
[EventRounds "5"]
[EventCountry "ENG"]

1. d4 Nf6 2. c4 Nc6 3. Nf3 e6 4. Nc3 Bb4 5. Qc2 d6 6. Bd2 O-O 7. a3 Bxc3 8.
Bxc3 Qe7 9. Rd1 e5 10. d5 e4 11. dxc6 exf3 12. cxb7 Bxb7 13. gxf3 Bxf3 14. Rg1
Rfe8 15. Qf5 Bxe2 16. Qxf6 Bxd1+ 17. Qxe7 Rxe7+ 18. Kxd1 g6 19. Bg2 Rb8 20. Re1
Rxe1+ 21. Kxe1 Kf8 22. a4 c5 23. a5 a6 24. Kd2 Ke7 25. Bd5 f5 26. h4 Kd7 27.
Ke3 Kc7 28. Kf4 h6 29. Bf7 g5+ 30. hxg5 hxg5+ 31. Kxg5 Rf8 32. Be6 f4 33. f3
1-0

[Event "Uxbridge Open"]
[Site "Denham Grove"]
[Date "2010.03.19"]
[Round "1"]
[White "White, David J"]
[Black "Bailey, Kevin J"]
[Result "0-1"]
[WhiteElo "1965"]
[BlackElo "2076"]
[PlyCount "56"]
[EventDate "2010.03.19"]
[EventType "swiss"]
[EventRounds "5"]
[EventCountry "ENG"]

1. e4 e6 2. d4 d5 3. e5 c5 4. c3 Qb6 5. Nf3 Nc6 6. Bd3 cxd4 7. cxd4 Bd7 8. O-O
Nxd4 9. Nxd4 Qxd4 10. Nc3 a6 11. Qe2 Ne7 12. Kh1 Nc6 13. f4 Bc5 14. a3 Na5 15.
Qc2 Ba7 16. Bd2 Nc4 17. Rf3 Nxd2 18. Qxd2 g6 19. Ne2 Qb6 20. f5 exf5 21. Qg5 h6
22. Qh4 g5 23. Qh5 Qg6 24. Qxg6 fxg6 25. g4 O-O 26. Rh3 Kg7 27. gxf5 Bxf5 28.
Rd1 Bxh3 0-1

[Event "Uxbridge Open"]
[Site "Denham Grove"]
[Date "2010.03.19"]
[Round "1"]
[White "Ynojosa Aponte, Felix Jose"]
[Black "Harnett, Robert J"]
[Result "1-0"]
[WhiteElo "2165"]
[BlackElo "2010"]
[PlyCount "61"]
[EventDate "2010.03.19"]
[EventType "swiss"]
[EventRounds "5"]
[EventCountry "ENG"]

1. e4 c6 2. d4 d5 3. exd5 cxd5 4. Bd3 Nf6 5. f4 Nc6 6. c3 g6 7. Nf3 Bf5 8. Ne5
Bxd3 9. Qxd3 e6 10. O-O Bd6 11. Be3 O-O 12. Nd2 Rc8 13. h3 Re8 14. g4 a6 15.
Rf2 Rc7 16. Raf1 Kg7 17. Nxc6 Rxc6 18. Nf3 Ne4 19. Rg2 f5 20. Ne5 Rc7 21. gxf5
exf5 22. Kh2 Re6 23. Qd1 Kf8 24. Qb3 Be7 25. a4 Bf6 26. Rc1 g5 27. fxg5 Bxe5+
28. dxe5 f4 29. Rf1 Rf7 30. Rxf4 Rxf4 31. Bxf4 1-0

[Event "Uxbridge Open"]
[Site "Denham Grove"]
[Date "2010.03.20"]
[Round "2"]
[White "Amato, Giampiero"]
[Black "Armstrong, Malcolm J"]
[Result "1-0"]
[WhiteElo "2044"]
[BlackElo "1989"]
[PlyCount "141"]
[EventDate "2010.03.19"]
[EventType "swiss"]
[EventRounds "5"]
[EventCountry "ENG"]

1. e4 d5 2. exd5 Qxd5 3. Nc3 Qd6 4. d4 Nf6 5. Be3 c6 6. Qd2 Bf5 7. O-O-O e6 8.
Nge2 Qc7 9. f3 Nbd7 10. Ng3 Bg6 11. Nce4 Nd5 12. Bf2 Bb4 13. c3 Be7 14. c4 Bb4
15. Qc2 N5f6 16. Bd3 Be7 17. h4 Nxe4 18. Nxe4 Bxe4 19. fxe4 c5 20. Kb1 cxd4 21.
Bxd4 e5 22. Be3 Bc5 23. Bxc5 Nxc5 24. Be2 Ne6 25. Qc3 O-O 26. h5 Rad8 27. h6 g6
28. Bg4 Nd4 29. Rhf1 Qe7 30. Rd2 Rd6 31. Qe3 Rf6 32. Rxf6 Qxf6 33. Rf2 Qe7 34.
Rd2 Rd8 35. Bd1 b6 36. b3 Rd6 37. Kb2 g5 38. Qh3 Qe6 39. Rf2 Qxh3 40. gxh3 Rxh6
41. Bg4 Kg7 42. Kc3 Rc6 43. Kb4 Rc7 44. Ka4 Kg6 45. Bf5+ Nxf5 46. Rxf5 f6 47.
Kb5 Rc5+ 48. Kb4 h5 49. Rf2 g4 50. h4 Rc7 51. Rd2 Rg7 52. c5 bxc5+ 53. Kxc5 g3
54. Rg2 Kf7 55. Kd5 Ke7 56. b4 Kd7 57. a4 Kc7 58. Ke6 Rg4 59. Kd5 Kb6 60. Ke6
Rxh4 61. Rxg3 Rxe4 62. Rb3 Rf4 63. Kd5 h4 64. Kd6 e4 65. Rc3 Rf3 66. Rc6+ Kb7
67. Rc7+ Kb8 68. Rf7 e3 69. Kc6 a6 70. b5 axb5 71. axb5 1-0

[Event "Uxbridge Open"]
[Site "Denham Grove"]
[Date "2010.03.20"]
[Round "2"]
[White "Andreev, Peter"]
[Black "Atako, Chino"]
[Result "1/2-1/2"]
[WhiteElo "1846"]
[BlackElo "2052"]
[PlyCount "121"]
[EventDate "2010.03.19"]
[EventType "swiss"]
[EventRounds "5"]
[EventCountry "ENG"]

1. e4 c5 2. Nc3 e6 3. g3 Nc6 4. Bg2 Nf6 5. d3 d6 6. Nge2 Be7 7. O-O O-O 8. h3
Rb8 9. f4 Bd7 10. g4 b5 11. Ng3 b4 12. Nce2 Kh8 13. f5 Ng8 14. Nf4 Bh4 15. Nge2
e5 16. Nd5 Nce7 17. Ne3 Bc6 18. Kh2 d5 19. exd5 Nxd5 20. Nc4 Ba8 21. Ng1 Be7
22. Nf3 f6 23. h4 Nh6 24. Nfd2 Nb6 25. Bxa8 Rxa8 26. Nxb6 axb6 27. Ne4 Nf7 28.
Be3 Qd5 29. g5 fxg5 30. hxg5 Nd6 31. Qh5 Rxf5 32. Rxf5 g6 33. Qh6 Nxf5 34. Qh3
Nxe3 35. Qxe3 Qd4 36. Qxd4 exd4 37. Kg3 Kg7 38. Kg4 b5 39. b3 Ra6 40. Kf4 Re6
41. Rf1 Ra6 42. Ra1 Re6 43. Rf1 h6 44. gxh6+ Kxh6 45. Rh1+ Kg7 46. Rg1 Ra6 47.
Ra1 Re6 48. Rf1 Bd6+ 49. Kg4 Bf8 50. Kf4 Re8 51. Rg1 Ra8 52. Ra1 Ra7 53. Kg4
Rc7 54. a4 bxa3 55. Rxa3 c4 56. Ra5 cxd3 57. cxd3 Rb7 58. Ng5 Bb4 59. Ra6 Bc3
60. Ne6+ Kh7 61. Nf8+ 1/2-1/2

[Event "Uxbridge Open"]
[Site "Denham Grove"]
[Date "2010.03.20"]
[Round "2"]
[White "Arkell, Keith C"]
[Black "Pleasants, Allan J"]
[Result "1-0"]
[WhiteElo "2474"]
[BlackElo "2038"]
[PlyCount "111"]
[EventDate "2010.03.19"]
[EventType "swiss"]
[EventRounds "5"]
[EventCountry "ENG"]

1. d4 Nf6 2. Nf3 g6 3. c4 c5 4. Nc3 cxd4 5. Nxd4 Nc6 6. g3 Bg7 7. Bg2 O-O 8.
O-O Qa5 9. e3 Ne5 10. Nb3 Qb4 11. c5 Rd8 12. Bd2 Qc4 13. Re1 d6 14. cxd6 Rxd6
15. Nd4 Nd3 16. Bf1 e5 17. Ncb5 Rxd4 18. exd4 Qxb5 19. Rxe5 Qxb2 20. Bxd3 Qxd4
21. Re3 Be6 22. Rb1 Ng4 23. Rxb7 Nxe3 24. Bxe3 Qd5 25. Qb3 Qe5 26. Bc4 Bh3 27.
Bf1 Be6 28. Bc4 Bh3 29. Qd1 Rc8 30. Bxf7+ Kh8 31. Rb1 Qf5 32. Bb3 Bg4 33. Qf1
Bh3 34. Qd1 Bg4 35. Qe1 Bh3 36. Rc1 Re8 37. Qd1 Be5 38. Bc4 Rc8 39. Bf1 Bg4 40.
Rxc8+ Qxc8 41. Qd5 Qe6 42. Qa8+ Qc8 43. Qxc8+ Bxc8 44. Bxa7 Bd7 45. Bc4 Kg7 46.
f4 Bc3 47. Kf2 Kf6 48. Ke3 Kf5 49. Be2 Bc6 50. g4+ Ke6 51. Bd4 Bb4 52. Bc4+ Ke7
53. f5 gxf5 54. gxf5 Bd6 55. h4 h5 56. Bg7 1-0

[Event "Uxbridge Open"]
[Site "Denham Grove"]
[Date "2010.03.20"]
[Round "2"]
[White "Bailey, Kevin J"]
[Black "Houska, Jovanka"]
[Result "0-1"]
[WhiteElo "2076"]
[BlackElo "2392"]
[PlyCount "120"]
[EventDate "2010.03.19"]
[EventType "swiss"]
[EventRounds "5"]
[EventCountry "ENG"]

1. d4 d5 2. c4 c6 3. Nc3 Nf6 4. cxd5 cxd5 5. f3 Nc6 6. e4 e6 7. e5 Nd7 8. f4
Nb6 9. Nf3 Be7 10. Bd3 Bd7 11. O-O Rc8 12. Be3 Na5 13. Rc1 Nac4 14. Qe2 Nxe3
15. Qxe3 g6 16. Nd2 O-O 17. Ne2 Bc6 18. Qh3 Kg7 19. g4 Nc4 20. Rc2 Nxd2 21.
Rxd2 f6 22. Rdd1 fxe5 23. fxe5 Qb6 24. b3 Bg5 25. Qg3 Bb5 26. Rxf8 Rxf8 27. Rf1
Rxf1+ 28. Kxf1 Bd7 29. h4 Be7 30. g5 Qa5 31. a4 Qd2 32. Bb5 Bc8 33. Qf3 Qc2 34.
Be8 Qf5 35. Qxf5 gxf5 36. Nf4 Kf8 37. Bh5 Bd7 38. Be2 a6 39. Kf2 Ba3 40. Nh5
Bc6 41. Bd3 Bb2 42. Ke3 Kf7 43. Be2 Bc3 44. Nf6 Kg7 45. Nh5+ Kf7 46. Nf6 Be1
47. Nxh7 Bxh4 48. Bh5+ Kg7 49. g6 b5 50. axb5 Bxb5 51. Nf6 Bg5+ 52. Kf3 a5 53.
Nh7 Bh4 54. Nf6 Bxf6 55. exf6+ Kxf6 56. Kf4 Bd3 57. g7 Kxg7 58. Ke5 Bc2 59.
Kxe6 Bxb3 60. Kxf5 a4 0-1

[Event "Uxbridge Open"]
[Site "Denham Grove"]
[Date "2010.03.20"]
[Round "2"]
[White "Bonafont, Philip R"]
[Black "Holland, James P"]
[Result "1-0"]
[WhiteElo "2115"]
[BlackElo "1973"]
[PlyCount "71"]
[EventDate "2010.03.19"]
[EventType "swiss"]
[EventRounds "5"]
[EventCountry "ENG"]

1. d4 Nf6 2. Nf3 e6 3. c4 Nc6 4. Nc3 Bb4 5. Qc2 d5 6. e3 O-O 7. Bd2 a6 8. Bd3
dxc4 9. Bxc4 b5 10. Bd3 Bb7 11. O-O h6 12. a3 Be7 13. Rac1 b4 14. Na4 Qd5 15.
Nc5 Bxc5 16. Qxc5 bxa3 17. bxa3 Qd8 18. Rb1 Nd7 19. Qc2 Qc8 20. Rfc1 Ndb8 21.
Be4 f5 22. Bxc6 Nxc6 23. Rxb7 Qxb7 24. Qxc6 Qxc6 25. Rxc6 Rfb8 26. h4 a5 27.
Rxc7 Rb3 28. Bc3 Rxa3 29. d5 exd5 30. Bxg7 Ra6 31. h5 Rb3 32. Nh4 d4 33. exd4
Rb5 34. Ng6 a4 35. Bxh6 a3 36. Rg7# 1-0

[Event "Uxbridge Open"]
[Site "Denham Grove"]
[Date "2010.03.20"]
[Round "2"]
[White "Burrows, Martin P"]
[Black "Iyengar, Ilya"]
[Result "1-0"]
[WhiteElo "2186"]
[BlackElo "2013"]
[PlyCount "89"]
[EventDate "2010.03.19"]
[EventType "swiss"]
[EventRounds "5"]
[EventCountry "ENG"]

1. e4 c5 2. Nf3 e6 3. d4 cxd4 4. Nxd4 Nf6 5. Nc3 d6 6. g4 h6 7. h4 Nc6 8. Rg1
h5 9. gxh5 Nxh5 10. Bg5 Nf6 11. Qd2 a6 12. O-O-O Qc7 13. Kb1 Bd7 14. Be2 b5 15.
Nxc6 Bxc6 16. Rge1 b4 17. Nd5 exd5 18. exd5 Bd7 19. Bf3+ Be7 20. Bxf6 gxf6 21.
Qd4 Bf5 22. Qxf6 Bxc2+ 23. Ka1 Bxd1 24. Qxh8+ Kd7 25. Bg4+ Bxg4 26. Qxa8 Bf3
27. Qxa6 Bxd5 28. Qb5+ Qc6 29. Qxb4 Qa6 30. a3 Bc4 31. h5 Bg5 32. f4 Bh6 33.
Qb8 Bxf4 34. Qe8+ Kc7 35. Re7+ Kb6 36. Qb8+ Kc5 37. Ra7 Qb5 38. Ra5 Qxa5 39.
b4+ Kd4 40. bxa5 Be5 41. Kb1 Bd3+ 42. Kb2 Ke3+ 43. Kb3 Kd2 44. Qb4+ Kc1 45.
Qe1# 1-0

[Event "Uxbridge Open"]
[Site "Denham Grove"]
[Date "2010.03.20"]
[Round "2"]
[White "Doci, Stefan"]
[Black "Lenier, Jude A"]
[Result "1-0"]
[WhiteElo "2071"]
[BlackElo "1942"]
[PlyCount "51"]
[EventDate "2010.03.19"]
[EventType "swiss"]
[EventRounds "5"]
[EventCountry "ENG"]

1. e4 e5 2. Nc3 Nf6 3. f4 d5 4. fxe5 Nxe4 5. Nf3 Bc5 6. d4 Bb4 7. Bd2 Bxc3 8.
bxc3 O-O 9. Bd3 b6 10. O-O Bb7 11. Qe2 h6 12. c4 c5 13. cxd5 Nxd2 14. Nxd2 Qxd5
15. c3 cxd4 16. Be4 d3 17. Qf2 Qd7 18. e6 Qc7 19. exf7+ Kh8 20. Bxd3 Nd7 21.
Qf5 Nf6 22. Qg6 Qxf7 23. Rxf6 gxf6 24. Qxh6+ Kg8 25. Rf1 Rad8 26. Rxf6 1-0

[Event "Uxbridge Open"]
[Site "Denham Grove"]
[Date "2010.03.20"]
[Round "2"]
[White "Ganger, Rajan"]
[Black "Ackley, Peter J E"]
[Result "0-1"]
[WhiteElo "1947"]
[BlackElo "2092"]
[PlyCount "88"]
[EventDate "2010.03.19"]
[EventType "swiss"]
[EventRounds "5"]
[EventCountry "ENG"]

1. e4 e6 2. d3 d5 3. Nd2 Nf6 4. Ngf3 Bc5 5. g3 dxe4 6. Ng5 exd3 7. Nde4 Be7 8.
Bxd3 Nxe4 9. Nxe4 Bd7 10. Qg4 Bf6 11. Bg5 h5 12. Qf4 Bxg5 13. Qxg5 Qxg5 14.
Nxg5 Bc6 15. Rf1 Nd7 16. f4 g6 17. b4 a6 18. O-O-O Nf6 19. Rde1 O-O 20. Be4
Bxe4 21. Nxe4 Nxe4 22. Rxe4 Rfd8 23. Rf2 Rd7 24. a4 Rad8 25. c3 Kg7 26. Kc2 Kf6
27. Ree2 Rd5 28. Kb3 Rd1 29. Kc4 R8d5 30. b5 axb5+ 31. axb5 Rb1 32. Rb2 Rxb2
33. Rxb2 b6 34. Kb4 Kf5 35. Re2 Kg4 36. c4 Rd1 37. Ra2 Kh3 38. Ra7 Kxh2 39.
Rxc7 Kxg3 40. c5 bxc5+ 41. Kxc5 h4 42. Rxf7 h3 43. b6 h2 44. b7 h1=Q 0-1

[Event "Uxbridge Open"]
[Site "Denham Grove"]
[Date "2010.03.20"]
[Round "2"]
[White "Gibbs, Dominic V"]
[Black "De Coverly, Roger D"]
[Result "1/2-1/2"]
[WhiteElo "1980"]
[BlackElo "2119"]
[PlyCount "138"]
[EventDate "2010.03.19"]
[EventType "swiss"]
[EventRounds "5"]
[EventCountry "ENG"]

1. e4 e5 2. Nf3 Nc6 3. Bb5 a6 4. Ba4 Nf6 5. O-O Be7 6. Qe2 b5 7. Bb3 O-O 8. c3
d6 9. Rd1 Na5 10. Bc2 c5 11. d4 Qc7 12. d5 Re8 13. Nbd2 Bf8 14. Nf1 g6 15. Ng3
Bg7 16. h3 Rb8 17. b3 h6 18. Kh2 Nh7 19. Bd2 Qd8 20. Rf1 Rf8 21. Ng1 h5 22. Qe3
h4 23. N3e2 f5 24. exf5 gxf5 25. f4 Nf6 26. fxe5 Nxd5 27. Qg5 Qxg5 28. Bxg5
Bxe5+ 29. Kh1 b4 30. Rad1 Nxc3 31. Nxc3 bxc3 32. Nf3 Nc6 33. Nxe5 dxe5 34. Rd3
Nd4 35. Rxc3 Ne2 36. Rxc5 Ng3+ 37. Kg1 Nxf1 38. Kxf1 Rb5 39. Rc6 Bb7 40. Rg6+
Kh7 41. Rh6+ Kg7 42. Rd6 Rf7 43. Bd3 Rd5 44. Rxd5 Bxd5 45. Bxh4 e4 46. Be2 Rc7
47. Bg3 Rc2 48. Bxa6 Rxa2 49. Be5+ Kg6 50. Bc8 Rc2 51. Bd7 e3 52. g4 Rf2+ 53.
Ke1 f4 54. h4 Be4 55. Be8+ Kh7 56. Bb5 Bc2 57. h5 f3 58. Bf4 Rg2 59. Bxe3 Rxg4
60. Kf2 Be4 61. h6 Rg2+ 62. Kf1 Rb2 63. Bc4 Bf5 64. Ke1 Bg6 65. Kf1 Be4 66. Ke1
Bf5 67. Kf1 Bh3+ 68. Ke1 Bf5 69. Kf1 Bh3+ 1/2-1/2